000 00502nam a2200193Ia 4500
003 OSt
005 20220926034945.0
006 a|||||r|||| 00| 0
007 ta
008 220923b |||||||| |||| 00| 0 eng d
037 _cGeneral Book
040 _aRTL
_cRTL
_beng
041 _2eng
_aeng
082 _aXjM67, G2
100 _aFacts
_9341536
245 0 _aFacts and fcators in economic history
_b Articles by
942 _hXjM67, G2
_cGB
_2CC
999 _c660890
_d660890